书目信息 |
| 题名: |
微机应用基础教程
|
|
| 作者: | 王再平 编著 | |
| 分册: | ||
| 出版信息: | 天津 天津科学技术出版社 1995 |
|
| 页数: | 256页 | |
| 开本: | 26cm | |
| 丛书名: | ||
| 单 册: | ||
| 中图分类: | TP36 | |
| 科图分类: | 73.876 | |
| 主题词: | 微型计算机--教材 | |
| 电子资源: | ||
| ISBN: | 7-5308-1898-8 | |
| 000 | 00649nnam 2200229 45 | |
| 001 | 0196014556 | |
| 005 | 20070719114233.62 | |
| 010 | @a7-5308-1898-8@dCNY18.00 | |
| 100 | @a19950705d1995 em y0chiy0121 ea | |
| 101 | 0 | @achi |
| 102 | @aCN@b120000 | |
| 105 | @ay z 000yy | |
| 200 | 10 | @a微机应用基础教程@AWEI JI YING YONG JI CHU JIAO CHENG@f王再平等编著@FWANG ZAI PING DENG BIAN ZHU |
| 210 | @a天津@c天津科学技术出版社@d1995 | |
| 215 | @a256页@d26cm | |
| 540 | 1 | @a微机@AWEI JI |
| 606 | @a微型计算机@x教材 | |
| 690 | @aTP36 | |
| 692 | @a73.876 | |
| 701 | 0 | @a王再平@AWANG ZAI PING@4编著 |
| 801 | 0 | @aCN@bTSSF@c20070719 |
| 905 | @a10447@dTP36@e407 | |
| 微机应用基础教程/王再平等编著.-天津:天津科学技术出版社,1995 |
| 256页;26cm |
| ISBN 7-5308-1898-8:CNY18.00 |
| ● |
| 相关链接 |
|
|
|
|
正题名:微机应用基础教程
索取号:TP36/407
 
预约/预借
| 序号 | 登录号 | 条形码 | 馆藏地/架位号 | 状态 | 备注 |
| 1 | 0764930 | 207649302 | 第二样本阅览室/ [索取号:TP36/407] | 在馆 | |
| 2 | 0768635 | 207686351 | 密集书库/ [索取号:TP36/407] | 在馆 |